Badly Drawn Football Logos 1 - Statistics

General Stats
  • This quiz has been taken 64 times
  • The average score is 11 of 20
Answer Stats
Picture Answer % Correct
Manchester United
100%
Newcastle United
78%
Werder Bremen
74%
Juventus
72%
Young Boys
70%
Fiorentina
65%
Real Betis
65%
Copenhagen
63%
Feyenoord
63%
Flamengo
61%
Norwich City
61%
Al Hilal
48%
Heidenheim
43%
Metz
39%
Chicago Fire
33%
Deportivo Alaves
33%
LASK
26%
Slavia Prague
26%
Zenit Saint Petersburg
26%
Melbourne City
24%
No matching quizzes found
Score Distribution
Percent of People with Each Score
Percentile by Number Answered
Your Score History
You have not taken this quiz